00443nam a22001577a 450000500170000000800410001704000070005804100120006508200210007710000140009824500650011226000320017765000460020965000140025570000160026920230704141952.0230704b ||||| |||| 00| 0 eng d cAL aEnglish 223a516/10bGUPE aS R Gupta aElementary Analytical Dynamics of a Particle of Rigid Bodies aDelhibS Chand and Coc1969 aAnalytical Dynamics Particle Rigid Bodies aMechanics aGUPTA (S R)